banner-ar

مساعدة الطفل على اجادة الكلام / (Record no. 47135)

MARC details
000 -الفاتح
حقل البيانات ثابتة الطول 00678nam a2200217Ia 4500
005 - وقت وتاريخ اخر تعامل مع التسجيلة
رقم الضبط 20240530104403.0
008 - عناصر البيانات ثابتة الطول - معلومات عامة
حقل البيانات ثابتة الطول 140319s9999 xx 000 0 ara d
040 ## - مصدر الفهرسة
وكالة الفهرسة الأصلية GCL /
وكالة النسخ GCL
082 04 - رقم تصنيف ديوى العشرى
رقم التصنيف 155.4
رقم المادة ك س
100 1# - المدخل الرئيسى - إسم شخصى
الإسم الشخصى رايبر ، فان
245 10 - بيان العنوان
العنوان مساعدة الطفل على اجادة الكلام /
بيان المسئوليه,etc فان رايبر
300 ## - الوصف المادى
التعداد 122 ص
490 ## - بيان السلسلة
عنوان السلسلة سلسلة دراسات سيكولوجية
رقم المجلد/ التعيين التسلسلي 0
650 04 - المدخل الاضافى بالموضوع-مصطلح موضوعى
مصطلح موضوعي الاطفال - نمو
650 04 - المدخل الاضافى بالموضوع-مصطلح موضوعى
مصطلح موضوعي الاطفال - لغة
650 04 - المدخل الاضافى بالموضوع-مصطلح موضوعى
مصطلح موضوعي الاطفال - تعليم
700 1# - المدخل الاضافى - اسم شخصى
الإسم الشخصى عبدالعزيز القوصى
700 1# - المدخل الاضافى - اسم شخصى
الإسم الشخصى صلاح الدين لطفى(مترجم)
942 ## - عناصر المدخل الإضافي( كوها)
مصدر التصنيف او مخطط الترفيف Dewey Decimal Classification
Koha [default] item type كتاب
Holdings
حالة التراجع حالة الفقد حالة تلف ليس للاعارة المكان المؤقت الموقع الحالى تاريخ الاكتساب اجمالي اﻻعارات رقم الطلب الباركود تاريخ اخر مشاهدة تاريخ تفعيل السعر نوع وعاء كوها مصدر التصنيف او خطة الترفيف موقع الترفيف
        مكتبة القاهرة الكبرى مكتبة القاهرة الكبرى 03/26/2014   155.4\ك س 114227 03/26/2014 03/26/2014 كتاب    
        مكتبة القاهرة الكبرى مكتبة القاهرة الكبرى 05/02/2018   155.4 ك س 164644 05/02/2018 05/02/2018 كتاب ddc القاعة الرئيسية

Powered By

EGPV